000 00722nam a2200181Ia 4500
003 GCL
008 140319s9999 xx 000 0 ara d
040 _aGCL /
_cGCL
082 0 4 _a153.42
_bح ب
100 1 _aحليم اليازجى
245 1 0 _aبحوث فى الفكرالقومى العربى : اشكالات نظريةالايديولوجيةالاصلاحية ومظاهرها فى الفكر العربى الحديث /
_cحليم اليازجى
260 _a[S.N] :
_bمعهد الانتماء العربى ،
_c1985
490 _aسلسلة دراسات الفكر العربى
_v0
650 0 4 _aعلم النفس
650 0 4 _aالتفكير
650 0 4 _aالقومية العربية
942 _2ddc
_cBK
999 _c28511
_d28511